00764nam a2200229 a 4500001001300000003000900013005001700022008004100039020002300080082001700103100002100120245008200141260004300223300000900266500003500275505002400310650003500334902000800369942000700377952013300384999001700517nice12345678IN_TiNIC20260116014023.0120809s2012 lona grp 000 0 eng  a9780415529631c79500a303.69bCHA1 aChandran, Suba D aArmed Conflicts in South Asia 2011b The Promise and Threat of Transformation aLondon bRoutledge Chapman Hall c2012 a297p aincludes index and biblioraphy2 aBibliography, Index aConflict Resolution-South Asia bSRS cBK 001040708StackRoom-aHMIbHMId2012-08-09g795.00l3m2o303.69 CHA1p023844r2022-09-27s2022-08-23v795.00w2012-08-09yBK c13529d13529